Anagrammes - écrivains français - Série 02 - Statistiques

Statistiques générales
  • Ce quiz a été pris 258 fois
  • Le résultat moyen est 8 sur 10
Statistiques - réponses
Anagramme Ecrivain % Correct
FABULERT Flaubert
98%
SUMAC Camus
97%
PAMAUSANTS Maupassant
97%
GHOU Hugo
92%
DEBULAIERA Baudelaire
80%
ARRETS Sartre
79%
OLIVATRE Voltaire
72%
ERIMELO Moliere
64%
DEBURANCAHAIT Chateaubriand
56%
SHETLAND Stendhal
52%
Aucun quiz correspondant
Distribution des résultats
% des personnes avec chaque résultat
Percentile par nombre de réponses
Votre historique - résultats
Vous n’avez pas pris ce quiz